|
|
|
|
| LEADER |
01159nam a2200265 a 4500 |
| 001 |
12390480 |
| 008 |
100310r20092002njua b 001 0 eng d |
| 010 |
|
|
|a \\2001032192
|
| 020 |
|
|
|a 0130167436 (alk. paper)
|
| 020 |
|
|
|a 9788177588767
|
| 040 |
|
|
|a DLC
|c DLC
|d DLC
|d BD-DhAAL
|
| 082 |
0 |
0 |
|a 621.46
|2 21
|
| 100 |
1 |
|
|a Bose, Bimal K.
|
| 245 |
1 |
0 |
|a Modern power electronics and AC drives /
|c Bimal K. Bose.
|
| 260 |
|
|
|a Upper Saddle River, NJ ;
|a New Delhi :
|b Prentice Hall,
|c c2002 [Sixth Impression 2009].
|
| 300 |
|
|
|a xxi, 733 p. :
|b ill. ;
|c 24 cm.
|
| 504 |
|
|
|a Includes bibliographical references and index.
|
| 541 |
1 |
|
|e 00019952
|
| 650 |
|
0 |
|a Electric motors, Alternating current
|x Automatic control.
|
| 650 |
|
0 |
|a Electric driving.
|
| 650 |
|
0 |
|a Power electronics.
|
| 852 |
4 |
|
|a Ayesha Abed Library
|j General Shelf
|
| 999 |
|
|
|c 7762
|d 7762
|
| 952 |
|
|
|0 0
|1 0
|2 ddc
|4 0
|6 621_460000000000000_BOS_2009
|7 0
|9 8579
|a BRACUL
|b BRACUL
|c GEN
|d 2010-03-10
|l 1
|m 4
|o 621.46 BOS
|p 3010019952
|r 2014-04-23
|s 2014-03-19
|t 1
|w 2010-03-10
|y BK
|
| 952 |
|
|
|0 0
|1 0
|2 ddc
|4 0
|6 621_460000000000000_BOS_2009
|7 0
|9 8580
|a BRACUL
|b BRACUL
|c GEN
|d 2010-03-10
|l 0
|o 621.46 BOS
|p 3010019951
|r 2010-03-10
|t 2
|w 2010-03-10
|y BK
|